Capital of Saudi Regions - Statistics

General Stats
  • This quiz has been taken 25 times
  • The average score is 8 of 13
Answer Stats
Region Capital % Correct
Riyadh Riyadh
95%
Mecca Mecca
90%
Medina Medina
86%
Ha'il Ha'il
76%
Jizan Jizan
76%
Najran Najran
76%
Eastern Dammam
71%
Tabuk Tabuk
71%
Al-Bahah Al-Bahah
57%
'Asir Abha
48%
Northern Borders Arar
33%
Al-Qassim Buraidah
33%
Al-Jawf Sakakah
33%
No matching quizzes found
Score Distribution
Percent of People with Each Score
Percentile by Number Answered
Your Score History
You have not taken this quiz